[Event "Erfurt op Seniors 29th"]
[Site "Erfurt"]
[Date "2019.12.27"]
[Round "2"]
[White "Vogel, Alfred"]
[Black "Bryx, Joachim"]
[Result "1-0"]
[WhiteElo "1966"]
[BlackElo "1700"]
[PlyCount "33"]
[EventDate "2019.12.26"]
[EventType "swiss"]
[EventRounds "5"]
[EventCountry "GER"]
[SourceTitle "CBM 194 Extra"]
[Source "ChessBase"]
[SourceDate "2020.03.31"]
[SourceVersion "1"]
[SourceVersionDate "2020.03.31"]
[SourceQuality "1"]

1. e4 e5 2. f4 exf4 3. Nf3 d6 4. d4 g5 5. h4 Bg4 6. hxg5 Bxf3 7. Qxf3 Qxg5 8. Bxf4 Qa5+ 9. Nd2 Nd7 10. c3 c6 11. Nc4 Qc7 12. e5 dxe5 13. dxe5 Nb6 14. 0-0-0 Nd5 15. Rxd5 cxd5 16. e6 Qe7 17. Nd6+ 1-0

[Event "Baden Wuerttemberg-ch Seniors 65+ op"]
[Site "Freudenstadt"]
[Date "2019.07.06"]
[Round "2"]
[White "Vogel, Alfred"]
[Black "Lutz, Albert"]
[Result "0-1"]
[WhiteElo "1944"]
[BlackElo "2143"]
[PlyCount "36"]
[EventDate "2019.07.05"]
[EventType "swiss"]
[EventRounds "9"]
[EventCountry "GER"]
[SourceTitle "EXT 2020"]
[Source "ChessBase"]
[SourceDate "2019.10.17"]
[SourceVersion "1"]
[SourceVersionDate "2019.10.17"]
[SourceQuality "1"]

1. e4 d6 2. f4 e5 3. Nf3 Nc6 4. Bc4 Be7 5. c3 Nf6 6. Qe2 0-0 7. 0-0 exf4 8. d4 d5 9. e5 dxc4 10. exf6 Bxf6 11. Bxf4 b5 12. a4 Bf5 13. Ne1 Re8 14. Qf3 Be4 15. Qg3 Nxd4 16. cxd4 Qxd4+ 17. Kh1 Qxb2 18. Qa3 Qxa1 0-1

[Event "GER-chB Seniors 28th"]
[Site "Niederhausen"]
[Date "2016.08.19"]
[Round "7"]
[White "Wolter, Guenter"]
[Black "Vogel, Alfred"]
[Result "1/2-1/2"]
[WhiteElo "1820"]
[BlackElo "1947"]
[PlyCount "90"]
[EventDate "2016.08.13"]
[EventType "swiss"]
[EventRounds "9"]
[EventCountry "GER"]
[SourceTitle "EXT 2019"]
[Source "ChessBase"]
[SourceDate "2018.10.10"]
[SourceVersion "1"]
[SourceVersionDate "2018.10.10"]
[SourceQuality "1"]

1. e4 e6 2. d4 d5 3. Nc3 Nf6 4. e5 Nfd7 5. f4 c5 6. Nf3 Nc6 7. Be3 cxd4 8. Nxd4 Nxd4 9. Bxd4 Bc5 10. Bb5 Bxd4 11. Qxd4 0-0 12. 0-0 a6 13. Bd3 Qb6 14. Qxb6 Nxb6 15. Ne2 Bd7 16. Nd4 Nc8 17. a4 Ne7 18. Rfc1 Rfc8 19. Kf2 g6 20. Ke3 Nc6 21. Nxc6 bxc6 22. b4 Rcb8 23. c3 a5 24. Rcb1 Kf8 25. Kd4 Ke7 26. Rb2 Kd8 27. b5 Rb6 28. c4 dxc4 29. Bxc4 cxb5 30. Bxb5 Rab8 31. Kc5 Kc7 32. Rd1 Bxb5 33. axb5 a4 34. Ra1 Rc6+ 35. Kd4 Rcb6 36. Rxa4 Rxb5 37. Rxb5 Rxb5 38. Ra7+ Rb7 39. Rxb7+ Kxb7 40. Kc5 Kc7 41. g4 h6 42. h4 Kd7 43. g5 h5 44. Kb6 Kd8 45. Kc6 Ke7 1/2-1/2

[Event "GER-chB Seniors 27th"]
[Site "Magdeburg"]
[Date "2015.08.22"]
[Round "8"]
[White "Vogel, Alfred"]
[Black "Scherf, Siegfried"]
[Result "1-0"]
[WhiteElo "1956"]
[BlackElo "1701"]
[PlyCount "131"]
[EventDate "2015.08.15"]
[EventType "swiss"]
[EventRounds "9"]
[EventCountry "GER"]
[SourceTitle "EXT 2018"]
[Source "ChessBase"]
[SourceDate "2017.10.13"]
[SourceVersion "1"]
[SourceVersionDate "2017.10.13"]
[SourceQuality "1"]

1. e4 d5 2. exd5 Qxd5 3. Nc3 Qa5 4. d4 Nf6 5. Bd2 Qb6 6. Nf3 Bg4 7. Be2 Bxf3 8. Bxf3 c6 9. Ne2 e6 10. 0-0 Bd6 11. c4 Qc7 12. g3 0-0 13. b4 Nbd7 14. Rc1 Qb8 15. c5 Bc7 16. Qb3 Nd5 17. a4 Re8 18. Rfe1 N7f6 19. Rb1 h6 20. b5 a6 21. Nc3 Nxc3 22. Qxc3 axb5 23. axb5 Ba5 24. Qd3 Qc7 25. Bf4 Qd7 26. Re2 Bc7 27. Bxc7 Qxc7 28. Reb2 Rab8 29. bxc6 bxc6 30. Rxb8 Rxb8 31. Rxb8+ Qxb8 32. Bxc6 Qc7 33. Bf3 g5 34. h3 Kg7 35. Qb5 Qd8 36. Qc4 h5 37. c6 Qc7 38. Qc5 Kh6 39. Bg2 h4 40. gxh4 gxh4 41. Qc1+ Kg6 42. Qc2+ Kh5 43. Qc5+ Kg6 44. d5 exd5 45. Bxd5 Kg7 46. Bg2 Kg6 47. Qb5 Kh6 48. Qf5 Ne8 49. Qe4 Qd8 50. Qf4+ Kg7 51. Qe5+ Kg8 52. Qf5 Qd1+ 53. Bf1 Qc1 54. Qe4 Qg5+ 55. Qg4 Qxg4+ 56. hxg4 Kg7 57. Kh2 Kg6 58. f4 f5 59. g5 Nc7 60. Bc4 Ne8 61. Kh3 Nc7 62. Kxh4 Ne8 63. Kg3 Nc7 64. Kf3 Kh5 65. Ke3 Kg4 66. Kd4 1-0

[Event "GER-chB Seniors 27th"]
[Site "Magdeburg"]
[Date "2015.08.17"]
[Round "3"]
[White "Vogel, Alfred"]
[Black "Ast, Erwin"]
[Result "1-0"]
[WhiteElo "1956"]
[BlackElo "1789"]
[PlyCount "119"]
[EventDate "2015.08.15"]
[EventType "swiss"]
[EventRounds "9"]
[EventCountry "GER"]
[SourceTitle "EXT 2018"]
[Source "ChessBase"]
[SourceDate "2017.10.13"]
[SourceVersion "1"]
[SourceVersionDate "2017.10.13"]
[SourceQuality "1"]

1. e4 e6 2. d4 d5 3. e5 c5 4. Qg4 cxd4 5. Bd3 Nc6 6. Nf3 Qc7 7. Qg3 Nb4 8. Nxd4 Nxd3+ 9. Qxd3 Qxe5+ 10. Be3 Bd7 11. 0-0 Qc7 12. Nc3 a6 13. Rfe1 Bb4 14. Nxd5 Qd6 15. Nxb4 Qxb4 16. b3 Ne7 17. c4 Ng6 18. Rad1 Qd6 19. c5 Qc7 20. Nf3 Bc6 21. Nd4 0-0 22. Nxc6 Qxc6 23. Qe2 Rfd8 24. b4 Qe8 25. f4 Rxd1 26. Rxd1 Rd8 27. Rf1 Qd7 28. Qf2 Ne7 29. a3 Nf5 30. Bc1 Qd4 31. g4 Qxf2+ 32. Kxf2 Ne7 33. Ke2 Kf8 34. Bb2 Nc6 35. Ke3 g6 36. h4 Rd5 37. Rc1 Ke7 38. g5 Kd7 39. Bc3 Ne7 40. Rh1 h5 41. gxh6 Nf5+ 42. Ke2 Nxh6 43. Rc1 Ng8 44. a4 Ne7 45. Bf6 Nf5 46. Rc3 Kc6 47. Kf3 Rd1 48. Ke4 Re1+ 49. Kd3 Rd1+ 50. Kc4 Rd5 51. b5+ axb5+ 52. axb5+ Kc7 53. Ra3 Rd1 54. Be5+ Kd8 55. Ra8+ Ke7 56. Ra7 Rd7 57. b6 Ne3+ 58. Kb5 Nf5 59. c6 bxc6+ 60. Kxc6 1-0

[Event "GER-chB Seniors 26th"]
[Site "Bad Neuenahr"]
[Date "2014.08.06"]
[Round "2"]
[White "Schemmel, Hans Ulrich"]
[Black "Vogel, Alfred"]
[Result "0-1"]
[WhiteElo "1833"]
[BlackElo "1976"]
[PlyCount "81"]
[EventDate "2014.08.05"]
[EventType "swiss"]
[EventRounds "9"]
[EventCountry "GER"]
[SourceTitle "EXT 2018"]
[Source "ChessBase"]
[SourceDate "2017.10.13"]
[SourceVersion "1"]
[SourceVersionDate "2017.10.13"]
[SourceQuality "1"]

1. e4 e6 2. d4 d5 3. e5 c5 4. c3 Nc6 5. Nf3 Bd7 6. Be2 Rc8 7. a3 Qc7 8. Be3 Nge7 9. 0-0 Nf5 10. Bd3 Nxe3 11. fxe3 Be7 12. Nbd2 0-0 13. b3 f5 14. exf6 Rxf6 15. e4 cxd4 16. cxd4 Rcf8 17. e5 Rf4 18. Qc2 Qb6 19. Kh1 Nxd4 20. Nxd4 Qxd4 21. Nf3 Rxf3 22. gxf3 Rxf3 23. Bxh7+ Kh8 24. Rxf3 Qxa1+ 25. Kg2 Qxe5 26. Bg6 Bc6 27. Rh3+ Kg8 28. Bh7+ Kf8 29. Qf2+ Bf6 30. Re3 d4+ 31. Rf3 Qh5 32. Bd3 Ke7 33. Qe2 Qg4+ 34. Kf2 Bh4+ 35. Rg3 Qf4+ 36. Ke1 Bxg3+ 37. hxg3 Qxg3+ 38. Kd2 Bf3 39. Qf1 Qg2+ 40. Ke1 Qxf1+ 41. Kxf1 0-1

[Event "GER-ch Seniors 21st"]
[Site "Dresden"]
[Date "2009.08.10"]
[Round "9"]
[White "Werchan, Hans"]
[Black "Vogel, Alfred"]
[Result "1-0"]
[WhiteElo "2146"]
[BlackElo "2026"]
[PlyCount "61"]
[EventDate "2009.08.03"]
[EventType "swiss"]
[EventRounds "9"]
[EventCountry "GER"]
[SourceTitle "CBM 131 Extra"]
[Source "ChessBase"]
[SourceDate "2009.09.03"]
[SourceVersion "2"]
[SourceVersionDate "2009.09.16"]
[SourceQuality "1"]

1. Nf3 Nf6 2. c4 e6 3. g3 Be7 4. Bg2 c6 5. b3 d5 6. Bb2 Nbd7 7. 0-0 a5 8. Nc3 e5 9. cxd5 e4 10. dxc6 exf3 11. cxd7+ Bxd7 12. Bxf3 Bh3 13. Bxb7 Rb8 14. Bc6+ Kf8 15. Bg2 Bxg2 16. Kxg2 h5 17. d4 h4 18. e3 Rb6 19. Qf3 g5 20. h3 g4 21. hxg4 h3+ 22. Kh1 Rg8 23. Na4 Re6 24. Nc5 Bxc5 25. dxc5 Nxg4 26. Rad1 Qc7 27. Qa8+ Re8 28. Qd5 Rg6 29. Rd2 h2 30. e4 Ne3 31. fxe3 1-0

[Event "GER-ch Seniors 21st"]
[Site "Dresden"]
[Date "2009.08.09"]
[Round "8"]
[White "Vogel, Alfred"]
[Black "Essegern, Kurt"]
[Result "1/2-1/2"]
[WhiteElo "2026"]
[BlackElo "2143"]
[PlyCount "35"]
[EventDate "2009.08.03"]
[EventType "swiss"]
[EventRounds "9"]
[EventCountry "GER"]
[SourceTitle "CBM 131 Extra"]
[Source "ChessBase"]
[SourceDate "2009.09.03"]
[SourceVersion "2"]
[SourceVersionDate "2009.09.16"]
[SourceQuality "1"]

1. e4 c5 2. Nc3 Nc6 3. g3 g6 4. Bg2 Bg7 5. d3 d6 6. Be3 b5 7. Qd2 b4 8. Nd1 Bd7 9. f4 Rb8 10. Nf3 Nd4 11. c3 bxc3 12. bxc3 Nxf3+ 13. Bxf3 Nf6 14. h3 0-0 15. e5 dxe5 16. fxe5 Ne8 17. d4 Nc7 18. h4 1/2-1/2

[Event "GER-ch Seniors 21st"]
[Site "Dresden"]
[Date "2009.08.08"]
[Round "7"]
[White "Bomert, Egon"]
[Black "Vogel, Alfred"]
[Result "1/2-1/2"]
[WhiteElo "2148"]
[BlackElo "2026"]
[PlyCount "58"]
[EventDate "2009.08.03"]
[EventType "swiss"]
[EventRounds "9"]
[EventCountry "GER"]
[SourceTitle "CBM 131 Extra"]
[Source "ChessBase"]
[SourceDate "2009.09.03"]
[SourceVersion "2"]
[SourceVersionDate "2009.09.16"]
[SourceQuality "1"]

1. Nf3 Nf6 2. d4 d5 3. Bf4 e6 4. e3 Bd6 5. Bd3 Bxf4 6. exf4 Qd6 7. Qe2 b6 8. 0-0 Ba6 9. Bxa6 Nxa6 10. f5 0-0 11. fxe6 fxe6 12. Ne5 c5 13. c3 cxd4 14. cxd4 Rac8 15. Qe3 Nb4 16. Na3 Nc2 17. Nxc2 Rxc2 18. Rac1 Rfc8 19. Rxc2 Rxc2 20. h3 Ne4 21. Rc1 Qc7 22. Rxc2 Qxc2 23. Qf3 Nf6 24. Qc3 Qxc3 25. bxc3 Kf8 26. f3 a5 27. Kf2 Ke7 28. h4 Nd7 29. Nd3 Kd6 1/2-1/2

[Event "GER-ch Seniors-A 20th"]
[Site "Erfurt"]
[Date "2008.08.10"]
[Round "6"]
[White "Vogel, Alfred"]
[Black "Riek, Wolfgang"]
[Result "0-1"]
[WhiteElo "1865"]
[BlackElo "1818"]
[PlyCount "80"]
[EventDate "2008.08.05"]
[EventType "swiss"]
[EventRounds "9"]
[EventCountry "GER"]
[SourceTitle "CBM 126 Extra"]
[Source "ChessBase"]
[SourceDate "2008.11.05"]
[SourceVersion "1"]
[SourceVersionDate "2008.11.05"]
[SourceQuality "1"]

1. e4 c5 2. Nc3 d6 3. g3 Nc6 4. Bg2 Nf6 5. d3 g6 6. h3 Bg7 7. Be3 Bd7 8. Qd2 h5 9. f4 a6 10. Nd1 e5 11. c3 Qe7 12. Nf2 Bh6 13. Nf3 exf4 14. gxf4 0-0-0 15. 0-0-0 Rhe8 16. Rhe1 Qf8 17. Ng5 Kb8 18. c4 Bg7 19. Nh1 Bc8 20. Qf2 Nd7 21. Ng3 f6 22. Nf3 b6 23. Nh4 Ne7 24. d4 Bh6 25. a3 Qg8 26. b3 Ka7 27. e5 fxe5 28. Qf3 d5 29. dxc5 Nxc5 30. b4 e4 31. Qf2 d4 32. bxc5 bxc5 33. Bf1 Nc6 34. Bxd4 cxd4 35. Rxd4 Rxd4 36. Nxe4 Qf8 37. Kb2 Bf5 38. Bg2 Qe7 39. Nxf5 gxf5 40. Nd2 Na5 0-1

[Event "GER-ch Seniors Gp-A 19th"]
[Site "Templin"]
[Date "2007.08.30"]
[Round "8"]
[White "Vogel, Alfred"]
[Black "Homes, Helmut"]
[Result "1-0"]
[WhiteElo "1903"]
[BlackElo "1763"]
[PlyCount "69"]
[EventDate "2007.08.23"]
[EventType "swiss"]
[EventRounds "9"]
[EventCountry "GER"]
[SourceTitle "EXT 2022"]
[Source "ChessBase"]
[SourceDate "2021.10.06"]
[SourceVersion "1"]
[SourceVersionDate "2021.10.06"]
[SourceQuality "1"]

1. e4 e5 2. f4 exf4 3. Nf3 d6 4. d4 g5 5. h4 g4 6. Ng1 Bh6 7. Be2 Nf6 8. Nc3 c6 9. Bd2 Be6 10. e5 dxe5 11. dxe5 Nd5 12. Ne4 Bf8 13. Bxg4 Ne3 14. Bxe3 Qxd1+ 15. Bxd1 fxe3 16. Nf6+ Ke7 17. Nf3 Nd7 18. Nxd7 Kxd7 19. Be2 Bd5 20. c4 Bb4+ 21. Kf1 Bxf3 22. gxf3 Ke6 23. f4 Kf5 24. Bd3+ Kxf4 25. Ke2 Bc5 26. Raf1+ Kxe5 27. Rxf7 b5 28. Rhf1 Raf8 29. R1f5+ Ke6 30. Rxf8 Rxf8 31. Rxc5 Kd6 32. Rf5 Rg8 33. cxb5 Rg2+ 34. Kxe3 Rxb2 35. Rf6+ 1-0

[Event "GER-ch Seniors Gp-A 19th"]
[Site "Templin"]
[Date "2007.08.29"]
[Round "7"]
[White "Mueller, Rudolf"]
[Black "Vogel, Alfred"]
[Result "1-0"]
[WhiteElo "2038"]
[BlackElo "1903"]
[PlyCount "77"]
[EventDate "2007.08.23"]
[EventType "swiss"]
[EventRounds "9"]
[EventCountry "GER"]
[SourceTitle "EXT 2022"]
[Source "ChessBase"]
[SourceDate "2021.10.06"]
[SourceVersion "1"]
[SourceVersionDate "2021.10.06"]
[SourceQuality "1"]

1. e4 e6 2. d4 d5 3. e5 c5 4. c3 Nc6 5. Nf3 Bd7 6. dxc5 Bxc5 7. Bd3 a6 8. 0-0 Nge7 9. b4 Ba7 10. Bg5 Qc7 11. Re1 Nc8 12. a4 N6e7 13. Ra3 a5 14. Qe2 axb4 15. cxb4 Nc6 16. Rc1 Qb6 17. b5 Nd4 18. Nxd4 Qxd4 19. Bd2 0-0 20. Rc7 Rd8 21. Rxb7 Bc5 22. Be3 Qb4 23. Bxc5 Qxc5 24. a5 Qb4 25. Qd2 Qxd2 26. Nxd2 Kf8 27. a6 Ke8 28. Nb3 Na7 29. Nd4 Rdb8 30. b6 Nc8 31. Rxb8 Rxb8 32. a7 Nxa7 33. bxa7 Ra8 34. Bxh7 Kd8 35. f4 Kc7 36. Bg8 Be8 37. f5 exf5 38. Nxf5 f6 39. Bxd5 1-0

[Event "GER-ch Seniors Gp-A 19th"]
[Site "Templin"]
[Date "2007.08.28"]
[Round "6"]
[White "Vogel, Alfred"]
[Black "Nuenchert, Eveline"]
[Result "0-1"]
[WhiteElo "1903"]
[BlackElo "1998"]
[PlyCount "40"]
[EventDate "2007.08.23"]
[EventType "swiss"]
[EventRounds "9"]
[EventCountry "GER"]
[SourceTitle "EXT 2022"]
[Source "ChessBase"]
[SourceDate "2021.10.06"]
[SourceVersion "1"]
[SourceVersionDate "2021.10.06"]
[SourceQuality "1"]

1. e4 g6 2. d4 Bg7 3. Be3 d6 4. c3 Nf6 5. f3 c6 6. Qd2 Nbd7 7. Bd3 e5 8. Ne2 0-0 9. g4 Re8 10. Ng3 Qe7 11. 0-0 Nf8 12. Bg5 Ne6 13. Be3 Nc7 14. Bh6 Ne6 15. Bxg7 Kxg7 16. Qf2 Nf4 17. Qc2 h5 18. gxh5 N6xh5 19. Kf2 Qh4 20. Ke3 Nxg3 0-1

[Event "GER-ch Seniors Gp-A 19th"]
[Site "Templin"]
[Date "2007.08.25"]
[Round "3"]
[White "Siegmund, Rainer"]
[Black "Vogel, Alfred"]
[Result "1/2-1/2"]
[WhiteElo "2061"]
[BlackElo "1903"]
[PlyCount "60"]
[EventDate "2007.08.23"]
[EventType "swiss"]
[EventRounds "9"]
[EventCountry "GER"]
[SourceTitle "EXT 2022"]
[Source "ChessBase"]
[SourceDate "2021.10.06"]
[SourceVersion "1"]
[SourceVersionDate "2021.10.06"]
[SourceQuality "1"]

1. d4 f5 2. g3 Nf6 3. Bg2 d5 4. c4 e6 5. Nf3 Be7 6. 0-0 0-0 7. b3 c6 8. Ba3 a5 9. Bxe7 Qxe7 10. Nbd2 Bd7 11. Ne5 Be8 12. Ndf3 Ne4 13. Nd3 Nd7 14. Qc2 Ng5 15. Nxg5 Qxg5 16. g4 Qh6 17. a3 Nf6 18. Ne5 g5 19. e3 Qg7 20. Qd2 fxg4 21. Rfb1 Nd7 22. Nxd7 Qxd7 23. c5 Qc7 24. b4 axb4 25. axb4 Bd7 26. Ra2 b5 27. cxb6 Qxb6 28. Bf1 Ra7 29. Rxa7 Qxa7 30. Qc3 Ra8 1/2-1/2

[Event "Thueringen-ch Seniors 5th"]
[Site "Bad Frankenhausen"]
[Date "2006.05.14"]
[Round "2"]
[White "Kampfhenkel, Ulrich"]
[Black "Vogel, Alfred"]
[Result "1-0"]
[WhiteElo "2137"]
[BlackElo "1869"]
[PlyCount "43"]
[EventDate "2006.05.13"]
[EventType "swiss"]
[EventRounds "7"]
[EventCountry "GER"]
[SourceTitle "EXT 2007"]
[Source "ChessBase"]
[SourceDate "2006.11.23"]
[SourceVersion "1"]
[SourceVersionDate "2006.11.23"]
[SourceQuality "1"]

1. e4 e6 2. d4 d5 3. Nc3 Nf6 4. Bg5 Bb4 5. e5 h6 6. Be3 Ne4 7. Qg4 Kf8 8. a3 Ba5 9. Bd3 c5 10. Bxe4 cxd4 11. Bxd4 dxe4 12. Qxe4 Nc6 13. Bc5+ Kg8 14. Nge2 a6 15. 0-0 Bc7 16. Rad1 Qe8 17. Bd6 Bb6 18. Rd3 Bd7 19. Rfd1 Rd8 20. Na4 Ba7 21. Bc7 Nb8 22. Bxb8 1-0

[Event "Thueringen-ch Seniors 5th"]
[Site "Bad Frankenhausen"]
[Date "2006.05.14"]
[Round "3"]
[White "Vogel, Alfred"]
[Black "Geisensetter, Franz"]
[Result "1-0"]
[WhiteElo "1869"]
[BlackElo "1995"]
[PlyCount "64"]
[EventDate "2006.05.13"]
[EventType "swiss"]
[EventRounds "7"]
[EventCountry "GER"]
[SourceTitle "EXT 2007"]
[Source "ChessBase"]
[SourceDate "2006.11.23"]
[SourceVersion "1"]
[SourceVersionDate "2006.11.23"]
[SourceQuality "1"]

1. e4 d5 2. exd5 Nf6 3. d4 Nxd5 4. c4 Nb6 5. Nc3 g6 6. Be3 Bg7 7. Nf3 0-0 8. Be2 c6 9. Qd2 Na6 10. Bh6 Bf5 11. Bxg7 Kxg7 12. a3 Qc7 13. h3 Rad8 14. Rd1 f6 15. g4 Bc8 16. Qe3 Rfe8 17. g5 Qd7 18. b3 Nc7 19. h4 Qe6 20. Qc1 Qf5 21. h5 fxg5 22. hxg6 h6 23. Qe3 Ne6 24. Bd3 Qf4 25. Ne2 Qf6 26. Ne5 Nf4 27. Nxf4 Qxf4 28. Qe4 Be6 29. Bc2 Nd7 30. Nf7 Bxf7 31. gxf7 Rh8 32. Qf3 Kxf7 1-0

[Event "Thueringen-ch Seniors 5th"]
[Site "Bad Frankenhausen"]
[Date "2006.05.13"]
[Round "1"]
[White "Vogel, Alfred"]
[Black "Knobling, Rolf"]
[Result "1-0"]
[WhiteElo "1869"]
[BlackElo "1371"]
[PlyCount "33"]
[EventDate "2006.05.13"]
[EventType "swiss"]
[EventRounds "7"]
[EventCountry "GER"]
[SourceTitle "EXT 2007"]
[Source "ChessBase"]
[SourceDate "2006.11.23"]
[SourceVersion "1"]
[SourceVersionDate "2006.11.23"]
[SourceQuality "1"]

1. e4 c5 2. Nc3 Nc6 3. g3 e5 4. Bg2 Nf6 5. d3 d6 6. h3 h6 7. Be3 Be6 8. Nge2 a6 9. 0-0 Be7 10. f4 exf4 11. Nxf4 Qd7 12. Kh2 g5 13. Nfd5 Bxd5 14. Rxf6 Bxf6 15. Nxd5 Qd8 16. Qh5 Ne5 17. Rf1 1-0

[Event "Oberliga Ost-B 0506"]
[Site "Germany"]
[Date "2005.12.11"]
[Round "4"]
[White "Vogel, Alfred"]
[Black "Krahe, Frank"]
[Result "0-1"]
[WhiteElo "2024"]
[BlackElo "2236"]
[PlyCount "38"]
[EventDate "2005.11.13"]
[EventType "team-tourn"]
[EventRounds "11"]
[EventCountry "GER"]
[SourceTitle "CBM 109 Extra"]
[Source "ChessBase"]
[SourceDate "2006.01.03"]
[SourceVersion "2"]
[SourceVersionDate "2006.01.03"]
[SourceQuality "1"]

1. e4 e5 2. f4 d5 3. exd5 c6 4. dxc6 Nxc6 5. d3 Bc5 6. Nf3 Qb6 7. Qe2 Bg4 8. c3 0-0-0 9. Nbd2 exf4 10. Ne4 Nf6 11. Nxf6 gxf6 12. Qc2 Rhe8+ 13. Kd1 Ne5 14. Be2 Rxd3+ 15. Bd2 Bxf3 16. gxf3 Red8 17. Bxd3 Nxd3 18. Ke2 Qe6+ 19. Kf1 Qh3+ 0-1

[Event "Oberliga Ost-B 0506"]
[Site "Germany"]
[Date "2005.11.13"]
[Round "1"]
[White "Vogel, Alfred"]
[Black "Alexandrovsky, Dmitry"]
[Result "1/2-1/2"]
[WhiteElo "2024"]
[BlackElo "2153"]
[PlyCount "39"]
[EventDate "2005.11.13"]
[EventType "team-tourn"]
[EventRounds "11"]
[EventCountry "GER"]
[SourceTitle "CBM 109 Extra"]
[Source "ChessBase"]
[SourceDate "2006.01.03"]
[SourceVersion "2"]
[SourceVersionDate "2006.01.03"]
[SourceQuality "1"]

1. e4 d6 2. d4 Nf6 3. Nc3 g6 4. f4 Bg7 5. Nf3 c5 6. d5 Bg4 7. h3 Bxf3 8. Qxf3 Nbd7 9. a4 0-0 10. Be2 b6 11. 0-0 a6 12. Bd2 Qc7 13. Kh1 Qb7 14. g4 Ne8 15. Nd1 Nc7 16. c4 b5 17. Bc3 bxc4 18. Bxg7 Kxg7 19. Qc3+ f6 20. Qxc4 1/2-1/2

[Event "GER-ch Seniors-A 17th"]
[Site "Essen"]
[Date "2005.08.28"]
[Round "8"]
[White "Hoffmann, Heinrich"]
[Black "Vogel, Alfred"]
[Result "1-0"]
[WhiteElo "1749"]
[BlackElo "2036"]
[PlyCount "51"]
[EventDate "2005.08.20"]
[EventType "swiss"]
[EventRounds "9"]
[EventCountry "GER"]
[SourceTitle "CBM 108 Extra"]
[Source "ChessBase"]
[SourceDate "2005.11.04"]
[SourceVersion "1"]
[SourceVersionDate "2005.11.04"]
[SourceQuality "1"]

1. d4 f5 2. Bg5 g6 3. Nc3 c6 4. e4 fxe4 5. Nxe4 d5 6. Nc3 Bg7 7. Nf3 Qc7 8. Bd3 Bg4 9. Be3 Nd7 10. h3 Bxf3 11. Qxf3 Ngf6 12. 0-0-0 0-0-0 13. Bf4 Qa5 14. Rhe1 Rde8 15. Bh2 Rhf8 16. Qe3 Nh5 17. Be2 c5 18. Bg4 Nhf6 19. Be6 cxd4 20. Rxd4 Qb6 21. Na4 Qc6 22. Rd3 Ne4 23. Bxd7+ Qxd7 24. Qxa7 Qc6 25. Nb6+ Kd8 26. Qb8+ 1-0

[Event "GER-chT Seniors 13th"]
[Site "Dresden"]
[Date "2004.08.05"]
[Round "5"]
[White "Vogel, Alfred"]
[Black "Adibekian, Roubik"]
[Result "0-1"]
[WhiteElo "2026"]
[BlackElo "2219"]
[PlyCount "54"]
[EventDate "2004.08.01"]
[EventType "team"]
[EventRounds "7"]
[EventCountry "GER"]
[SourceTitle "CBM 103 Extra"]
[Source "ChessBase"]
[SourceDate "2005.01.01"]
[SourceVersion "1"]
[SourceVersionDate "2005.01.01"]
[SourceQuality "1"]

1. e4 d5 2. exd5 Nf6 3. Nf3 Qxd5 4. d4 Bg4 5. Be2 Nc6 6. 0-0 0-0-0 7. c3 Qh5 8. Qa4 e5 9. dxe5 Nxe5 10. Nbd2 Rxd2 11. Bxd2 Nxf3+ 12. Bxf3 Bxf3 13. gxf3 Bd6 14. Bf4 Qh4 15. Qxa7 Qxf4 16. Rfd1 Qxh2+ 17. Kf1 Qh3+ 18. Ke2 Re8+ 19. Kd2 Bf4+ 20. Kc2 Qf5+ 21. Kb3 Qb5+ 22. Ka3 Bd6+ 23. b4 Nd5 24. Qd4 Nb6 25. Kb3 Qa4+ 26. Kb2 Re2+ 27. Rd2 Rxd2+ 0-1

[Event "GER-chT Seniors 13th"]
[Site "Dresden"]
[Date "2004.08.04"]
[Round "4"]
[White "Hobusch, Werner"]
[Black "Vogel, Alfred"]
[Result "1/2-1/2"]
[WhiteElo "2144"]
[BlackElo "2026"]
[PlyCount "54"]
[EventDate "2004.08.01"]
[EventType "team"]
[EventRounds "7"]
[EventCountry "GER"]
[SourceTitle "CBM 103 Extra"]
[Source "ChessBase"]
[SourceDate "2005.01.01"]
[SourceVersion "1"]
[SourceVersionDate "2005.01.01"]
[SourceQuality "1"]

1. e4 e6 2. d4 d5 3. Nc3 Bb4 4. e5 c5 5. a3 Ba5 6. b4 cxd4 7. Nb5 Bc7 8. f4 Ne7 9. Nf3 Nbc6 10. Bd3 a6 11. Nxc7+ Qxc7 12. Bb2 Bd7 13. Nxd4 Rc8 14. Nb3 g6 15. 0-0 Na7 16. Kh1 Bb5 17. Rc1 Nf5 18. Qe2 h5 19. Nc5 Qe7 20. Qf2 Nc6 21. c4 Bxc4 22. Bxc4 dxc4 23. Rxc4 0-0 24. Ne4 Rcd8 25. Nf6+ Kg7 26. Qe2 h4 27. Rcc1 Qc7 1/2-1/2

[Event "GER-chT Seniors 12th"]
[Site "Finsterbergen"]
[Date "2003.08.15"]
[Round "6.2"]
[White "Hevendehl, Hanns Adolf"]
[Black "Vogel, Alfred"]
[Result "0-1"]
[WhiteElo "1963"]
[BlackElo "2038"]
[PlyCount "108"]
[EventDate "2003.08.10"]
[EventType "team"]
[EventRounds "7"]
[EventCountry "GER"]
[SourceTitle "EXT 2012"]
[Source "ChessBase"]
[SourceDate "2011.11.24"]
[SourceVersion "1"]
[SourceVersionDate "2011.11.24"]
[SourceQuality "1"]
[WhiteTeam "Schleswig Holstein II"]
[BlackTeam "Thueringen II"]
[WhiteTeamCountry "GER"]
[BlackTeamCountry "GER"]

1. d4 e6 2. e4 d5 3. e5 c5 4. c3 Nc6 5. Nf3 Bd7 6. Be2 Rc8 7. 0-0 cxd4 8. cxd4 Qb6 9. Nc3 a6 10. Rb1 Nge7 11. Na4 Qa7 12. Nc5 Nb8 13. b4 b6 14. Nxd7 Nxd7 15. Qa4 Ra8 16. Bd2 b5 17. Qb3 Nb6 18. a4 Nxa4 19. Ra1 Qd7 20. Ra2 Nc8 21. Ne1 Be7 22. Qg3 g6 23. Nd3 Ncb6 24. Bg5 Bxg5 25. Qxg5 Nc3 26. Rc2 Nxe2+ 27. Rxe2 Na4 28. Qh6 Qe7 29. Rc2 Kd7 30. Rfc1 Rac8 31. Rxc8 Rxc8 32. Nc5+ Nxc5 33. bxc5 Kc6 34. Qxh7 a5 35. Qh3 a4 36. Rb1 Ra8 37. Qa3 Qa7 38. h4 Qa5 39. Rb4 Rh8 40. g3 Rh5 41. Kg2 g5 42. hxg5 Rxg5 43. f4 Rg8 44. Kf3 Rh8 45. Kg2 Rh6 46. g4 Rh4 47. Kg3 Rh1 48. f5 exf5 49. Kg2 Rh8 50. gxf5 Qa8 51. Kf1 Rh1+ 52. Kg2 Qh8 53. Qg3 Rc1 54. Qf3 Qh1+ 0-1